000 00275nam a2200121Ia 4500
008 241002s9999 xx 000 0 und d
082 _a808.84 VIR
100 _aVirgina, Woolf
245 0 _aCollected Essays
260 _aLondon:
_c1967
600 _aLiterature
942 _cUC
999 _c18803
_d18803